• 首页
  • 本馆介绍
  • 公告通知
  • 最新文献
  • 馆藏检索
  • 电子资源
  • 读者导购
  • 参考咨询
  • 我的图书馆
  • 登录
  • 详细信息显示
  • 放入我的书架
  • 预约/预借图书
  • 作者相关作品
  • 分类相关作品
  • 丛书相关作品
  • 出版社相关作品

书目信息

  • 表格格式
  • 工作单格式
  • 卡片格式
题名:
《人间词话》及评论汇编
    
 
作者: 姚柯夫 编
分册:  
出版信息: 北京   书目文献出版社  1983
页数: 495页
开本: 21cm
丛书名: 文史哲研究资料丛书
单 册:
中图分类: I207.22 , I206
科图分类:
主题词: 诗词 , 文学评论
电子资源:
ISBN:
000 00882oam2 2200301 450
001 1571339411
005 20150124194925.75
010    @dCNY1.95
091    @a10201.22
100    @a19950627d1983 kmey0chiy0110 ea
101 0  @achi
102    @aCN@b110000
105    @ay z 000yy
200 1  @a《人间词话》及评论汇编@9ren jian ci hua ji ping lun hui bian@e王国维研究资料@f姚柯夫编
210    @a北京@c书目文献出版社@d1983
215    @a495页@d21cm
225 2  @a文史哲研究资料丛书
461  0 @12001 @a文史哲研究资料丛书
517 1  @a王国维研究资料@9wang guo wei yan jiu zi liao
600  0 @a王国维@f(1877~1927)@x诗词@x文学评论@y中国
600  0 @2CT@3S077135@a王国维@f(1877~1927)
606 0  @a诗词
606 0  @a文学评论
690    @aI207.22@v5
690    @aI206@v4
701  0 @a姚柯夫@9yao ke fu@4编
801  0 @aCN@bTSSF@c20150124
905    @aZUCC@dI206@eJY97
    
    《人间词话》及评论汇编:王国维研究资料/姚柯夫编.-北京:书目文献出版社,1983
    495页;21cm.-(文史哲研究资料丛书)
    
    
    ISBN :CNY1.95
    
●
相关链接 在E读中查询图书 在五车中查询图书 在当当中查询图书 在豆瓣中查询图书


正题名:《人间词话》及评论汇编     索取号:I206/JY97         预约/预借

序号 登录号 条形码 馆藏地/架位号 状态 备注
1 7842903   278429032   学院路分馆/ [索取号:I206/JY97] 在馆    
唐山师范学院图书馆 欢迎您!
大连网信软件有限公司© 版权所有